| 000 | 01325cam a22003494a 4500 | ||
|---|---|---|---|
| 001 | 13857950 | ||
| 003 | OSt | ||
| 005 | 20150408114155.0 | ||
| 008 | 050201s2006 njua b 001 0 eng | ||
| 010 | _a 2005041538 | ||
| 020 | _a0130814253 (pbk.) | ||
| 020 | _a9780130814258 | ||
| 035 | _a(OCoLC)ocm57731055 | ||
| 040 |
_aDLC _cDLC _dYDX _dBAKER _dDLC |
||
| 042 | _apcc | ||
| 050 | 0 | 0 |
_aLB1044.87 _b.D38 2006 |
| 082 | 0 | 0 |
_a371.3344678 _222 _bDGW |
| 100 | 1 |
_aDavidson-Shivers, Gayle V. _940610 |
|
| 245 | 1 | 0 |
_aWeb-based learning : _bdesign, implementation, and evaluation / _cGayle V. Davidson-Shivers, Karen L. Rasmussen. |
| 260 |
_aUpper Saddle River, N.J. : _bPearson/Merrill/Prentice Hall, _cc2006. |
||
| 300 |
_axxiv, 405 p. : _bill. ; _c24 cm. |
||
| 504 | _aIncludes bibliographical references (p. 383-397) and index. | ||
| 650 | 0 |
_aEducation _xComputer network resources. _940611 |
|
| 650 | 0 |
_aTeaching _xComputer network resources. _935617 |
|
| 650 | 0 |
_aInternet in education. _94848 |
|
| 650 | 0 |
_aWeb-based instruction. _940612 |
|
| 700 | 1 |
_aRasmussen, Karen L. _940613 |
|
| 906 |
_a7 _bcbc _corignew _d1 _eocip _f20 _gy-gencatlg |
||
| 942 |
_2ddc _cDVD |
||
| 999 |
_c32400 _d266900 |
||